000 00370nam a22001337a 4500
020 _a81-87414-09-X
082 _a425
_bJAI/E
100 _aRACHNA JAIN, HEMANT BEDI
245 _aENGLISH CORE SUPPORT MATERIAL FOR CBSE EXAMINATION 2016
_bCLASS XII
260 _aDELHI
_bRACHNA SAGAR
300 _a220
650 _aENGLISH SUPPORT MATERIAL FOR CLASS XII
_zINDIA
942 _cBK
999 _c595
_d595